000 00467nam a2200205Ia 4500
001 17488
003 GE_BSU
008 181216s||||||||xx |||||||||||||| ||und||
020 _a9780521540704
040 _cGE_BSU
080 _a339.1
100 _aMascull, Bill
245 _aBusiness vocabulary in Use. Advanced
260 _aCambridge
260 _c2004
300 _a133p.
541 _h5 Gel.
653 _aBusiness vocabulary in Use. Advanced
942 _cBK
999 _c50539
_d50539